Statistics for Top Ten NHL Draft Picks from OHL since 2010

Click here to take the quiz!

General Stats

  • This quiz has been taken 33 times
  • The average score is 11 of 38

Answer Stats

HintAnswer% Correct
2015: 1st - Erie OttersConnor McDavid
86%
2014: 1st - Barrie ColtsAaron Ekblad
73%
2015: 4th - London KnightsMitchell Marner
73%
2015: 3rd - Erie OttersDylan Strome
59%
2011: 5th - Niagara IcedogsRyan Strome
55%
2010: 1st - Windsor SpitfiresTaylor Hall
55%
2012: 1st - Sarnia StingNail Yakupov
45%
2016: 6th - London KnightsMatthew Tkachuk
41%
2010: 2nd - Plymouth WhalersTyler Seguin
41%
2021: 8th - Barrie ColtsBrandt Clarke
36%
2021: 3rd - Peterborough PetesMason McTavish
36%
2020: 2nd - Sudbury WolvesQuinton Byfield
36%
2012: 3rd - Sarnia StingAlex Galchenyuk
27%
2018: 2nd - Barrie ColtsAndrei Svechnikov
27%
2020: 10th - Saginaw SpiritCole Perfetti
27%
2011: 2nd - Kitchener RangersGabriel Landeskog
27%
2020: 8th - Ottawa 67sJack Quinn
27%
2011: 7th - Barrie ColtsMark Scheifele
27%
2010: 3rd - Kingston FrontenacsErik Gudbranson
23%
2020: 6th - Erie OttersJamie Drysdale
23%
2020: 9th - Ottawa 67sMarco Rossi
23%
2017: 10th - Mississauga SteelheadsOwen Tippett
23%
2013: 9th - London KnightsBo Horvat
18%
2018: 10th - London KnightsEvan Bouchard
18%
2015: 6th - Sarnia SpiritPavel Zacha
18%
2014: 4th - Kingston FrontenacsSam Bennett
18%
2018: 5th - Soo GreyhoundsBarrett Hayton
14%
2010: 7th - Kitchener RangersJeff Skinner
14%
2014: 5th - Oshawa GeneralsMichael Dal Colle
14%
2016: 5th - London KnightsOlli Juolevi
14%
2016: 8th - Mississauga SteelheadsAlexander Nylander
9%
2013: 7th - Soo GreyhoundsDarnell Nurse
9%
2016: 9th - Windsor SpitfiresMikhail Sergachev
9%
2013: 6th - Kingston FrontenacsSean Monahan
9%
2010: 8th - Barrie ColtsAlexander Burmistrov
5%
2011: 9th - Niagara IcedogsDougie Hamilton
5%
2014: 10th - Peterborough PetesNick Ritchie
5%
2012: 10th - Peterborough PetesSlater Koekkoek
0%

Score Distribution

Percentile by Number Answered

Percent of People with Each Score

Your Score History

You have not taken this quiz